Detalles MARC
| 000 -CABECERA |
| campo de control de longitud fija |
01083cam a2200241 a 4500 |
| 001 - NÚMERO DE CONTROL |
| campo de control |
000006630 |
| 005 - FECHA Y HORA DE LA ÚLTIMA TRANSACCIÓN |
| campo de control |
20200929153948.0 |
| 008 - DATOS DE LONGITUD FIJA--INFORMACIÓN GENERAL |
| campo de control de longitud fija |
860827s1987 pr ac b 001 0 spa d |
| 020 ## - NÚMERO INTERNACIONAL ESTÁNDAR DEL LIBRO |
| Número Internacional Estándar del Libro |
0865813809 |
| 040 ## - FUENTE DE LA CATALOGACIÓN |
| Centro catalogador/agencia de origen |
DO-SdBNP |
| Centro/agencia transcriptor |
DLC |
| Centro/agencia modificador |
DLC |
| 050 00 - SIGNATURA TOPOGRÁFICA DE LA BIBLIOTECA DEL CONGRESO |
| Número de clasificación |
PQ7439.L3 |
| Número de documento/Ítem |
A836 1987 |
| 082 ## - NÚMERO DE LA CLASIFICACIÓN DECIMAL DEWEY |
| Número de clasificación |
928.61 |
| Número de documento/Ítem |
M754e |
| 049 ## - FONDOS LOCALES (OCLC) |
| Fondos de biblioteca |
BNGR |
| 100 1# - ENTRADA PRINCIPAL--NOMBRE DE PERSONA |
| Nombre de persona |
Monserrat Gámiz, María del Carmen. |
| 9 (RLIN) |
18402 |
| 245 10 - MENCIÓN DE TÍTULO |
| Título |
Enrique A. Laguerre y "Los amos benévolos" / |
| Mención de responsabilidad, etc. |
María del Carmen Monserrat Gámiz. |
| 260 ## - PUBLICACIÓN, DISTRIBUCIÓN, ETC. |
| Lugar de publicación, distribución, etc. |
San Juan, Puerto Rico : |
| Nombre del editor, distribuidor, etc. |
Instituto de Cultura Puertorriqueña, |
| Fecha de publicación, distribución, etc. |
1987. |
| 300 ## - DESCRIPCIÓN FÍSICA |
| Extensión |
xi, 582 p. : |
| Otras características físicas |
il., retrs. ; |
| Dimensiones |
24 cm. |
| 500 ## - NOTA GENERAL |
| Nota general |
Basado en parte en la tesis del autor (doctoral) - Universidad Complutense de Madrid, 1980, presentado bajo el título: La personalidad del puertorriqueño y los Aspectos educativos en la novelística contemporánea de Puerto Rico. |
| 504 ## - NOTA DE BIBLIOGRAFÍA, ETC. |
| Nota de bibliografía, etc. |
Incluye referencias bibliográficas (p. [333]-346). |
| 600 10 - PUNTO DE ACCESO ADICIONAL DE MATERIA--NOMBRE DE PERSONA |
| Nombre de persona |
LAGUERRE, ENRIQUE A |
| Título de la obra |
AMOS BENÉVOLOS |
| 9 (RLIN) |
18403 |
| 600 10 - PUNTO DE ACCESO ADICIONAL DE MATERIA--NOMBRE DE PERSONA |
| Nombre de persona |
LAGUERRE, ENRIQUE A |
| Subdivisión general |
BIBLIOGRAFÍA |
| 9 (RLIN) |
18404 |
| 910 ## - DATOS DE OPCIÓN DEL USUARIO (OCLC) |
| Datos de opción del usuario |
Catalogación por copia / LC |